000 01688nam a2200241Ia 4500
008 260220t1958||||xx |||||||||||||| ||spa||
040 _aPY-SlUNAC
_bspa
_erda
041 _aspa
082 _a232.9
_bB529l
100 _aBernoville, Cayetano
_eAutor
245 0 _aLourdes, cuidad de las almas /
_cpor Cayetano Bernoville [Autor]
264 _aSan Sebastian :
_bDinor,
_c℗1958.
300 _a1 volumen
520 _a"Bernoville, Cayetano; Lourdes, ciudad de las almas" es una obra que explora la significación espiritual y la relevancia histórica de Lourdes, un lugar emblemático de peregrinación en Francia, conocido por las apariciones marianas de la Virgen María a la joven Bernadette Soubirous en 1858. A través de un análisis profundo, el autor examina la transformación de Lourdes desde un modesto pueblo rural hasta convertirse en un centro de fe y sanación, atrayendo a millones de visitantes anualmente. La narrativa se entrelaza con reflexiones sobre la fe, la espiritualidad y el sufrimiento humano, resaltando la interacción entre los peregrinos y el entorno sagrado. Bernoville también aborda el impacto sociocultural de Lourdes en la sociedad contemporánea, así como las prácticas de devoción que han surgido en torno a este sitio. En conjunto, la obra ofrece una mirada integral a la experiencia de Lourdes, subrayando su papel como un espacio de esperanza, consuelo y renovación espiritual en el mundo moderno.
653 _aCiudades
653 _aCultura
653 _aSantos
942 _b2026/02/17
_cBK
999 _c6862
_d6862